Teatro de rechazo : asechanzas en la sombra : pieza dramática en 3 actos ; El viaje a través de sí mismo : pesadilla en 8 episodios monodramáticos / (Record no. 23117)

MARC details
000 -LEADER
campo de control de longitud fija 00727nam a2200169 i 4500
001 - NÚMERO DE CONTROL
campo de control 23117
003 - IDENTIFICADOR DE NÚMERO DE CONTROL
campo de control ES-MaACL
005 - FECHA Y HORA DE LA ÚLTIMA TRANSACCIÓN
campo de control 20230906152823.0
007 - CAMPO FIJO DE DESCRIPCIÓN FÍSICA--INFORMACIÓN GENERAL
campo de control de longitud fija t|
008 - DATOS DE LONGITUD FIJA--INFORMACIÓN GENERAL
campo de control de longitud fija 021209s1932 ag ||||1| spa d
100 1# - ENTRADA PRINCIPAL--NOMBRE DE PERSONA
Nombre de persona Aloisi, Enzo.
9 (RLIN) 20173
245 10 - MENCIÓN DEL TÍTULO
Título Teatro de rechazo : asechanzas en la sombra : pieza dramática en 3 actos ; El viaje a través de sí mismo : pesadilla en 8 episodios monodramáticos /
Mención de responsabilidad, etc. Enzo Aloisi ; prólogo y epílogo, escenarios diseñados por A.Ignatovitch y E. Aloisi.
260 ## - PUBLICACIÓN, DISTRIBUCIÓN, ETC.
Lugar de publicación, distribución, etc. Buenos Aires :
Nombre del editor, distribuidor, etc. [s.n.],
Fecha de publicación, distribución, etc. 1932 (
Fabricante Imp. Ferrari Hermanos)
300 ## - DESCRIPCIÓN FÍSICA
Extensión 146 p. :
Otras características físicas il. ;
Dimensiones 24 cm.
740 3# - ENTRADA AGREGADA--TÍTULO RELACIONADO/ANALÍTICO NO CONTROLADO
Título relacionado o analítico no controlado El viaje a través de sí mismo : pesadilla en 8 episodios monodramáticos.
852 ## - LOCALIZACIÓN
Ubicación ES-MaACL
Número de control de estantería A-1888
Holdings
Estatus retirado Estado de pérdida Estado de daño No para préstamo Biblioteca de origen Biblioteca actual Ubicación en estantería Fecha de adquisición Fuente de adquisición Total de préstamos Signatura topográfica completa Código de barras Visto por última vez Precio de reemplazo Tipo de ítem Koha
        Biblioteca del Ateneo de Madrid Biblioteca del Ateneo de Madrid Sala Pecera Planta 1 17/01/2008     A-1888 1023817 23/02/2023 23/02/2023 Libro impreso